000
00266nam a2200121Ia 4500
008
191201s2018 xx 000 0 und d
100
_a
BERMAN, Barry
245
0
_a
Retail Management
260
_b
Pearsons
_c
2018
300
_a
722
650
_a
BBA
942
_2
ddc
_c
BK
999
_c
6945
_d
6945